الإنسان : (Record no. 6709)
[ view plain ]
| 000 -الفاتح | |
|---|---|
| حقل البيانات ثابتة الطول | 00552nac a22001451u 4500 |
| 008 - عناصر البيانات ثابتة الطول - معلومات عامة | |
| حقل البيانات ثابتة الطول | 080902t ua|||||r|||| 000 0 ara d |
| 082 ## - رقم تصنيف ديوى العشرى | |
| رقم التصنيف | 189.2 |
| رقم المادة | ع ب د |
| 245 ## - بيان العنوان | |
| العنوان | الإنسان : |
| بقية العنوان | في فكر اخوان الصفاء / |
| بيان المسئوليه,etc | عبد اللطيف العبد |
| 260 ## - PUBLICATION, DISTRIBUTION, ETC. (IMPRINT) | |
| مكان الناشر او الموزع | القاهرة : |
| اسم الناشر او الموزع | مكتبة الأنجلو المصرية،1976. |
| تاريخ النشر أو التوزيع | 1976. |
| 300 ## - الوصف المادى | |
| التعداد | 354 ص ؛ |
| أبعاد الوعاء | 24 سم . |
| 504 ## - تبصرة ببليوجرافية | |
| تبصرة ببليوجرافية,الخ | يحتوي علي ارجاعات ببليوجرافية |
| 511 ## - | |
| -- | Catalogued by: Sara |
| 541 ## - تبصرة المصدر المباشر للتزويد | |
| مصدر التزويد | الف باء |
| 942 ## - عناصر المدخل الإضافي( كوها) | |
| Koha [default] item type | Book - Borrowing |
| سابقة رقم الطلب | 189.2 ع ب د |
| مصدر التصنيف او مخطط الترفيف | Dewey Decimal Classification |
| حالة التراجع | حالة الفقد | مصدر التصنيف او خطة الترفيف | حالة تلف | ليس للاعارة | مجموعات كوها | المكان الدائم | المكان الحالي | موقع الترفيف | تاريخ الاكتساب | Source of acquisition | رقم الاستدعاء | الباركود | Date last seen | نوع الوعاء |
|---|---|---|---|---|---|---|---|---|---|---|---|---|---|---|
| Dewey Decimal Classification | Central Library | Central Library | Lower Floor | 22/02/2011 | 189.2 ع ب د | 000008368 | 15/07/2025 | Book - Borrowing |